| 000 | 00765nam a22002297a 4500 | ||
|---|---|---|---|
| 003 | OSt | ||
| 005 | 20230706075905.0 | ||
| 008 | 170318s2016 gt||||| |||| 00| 0 spa d | ||
| 040 | _cLado V | ||
| 082 | 0 | 4 |
_a700 _bJ61k |
| 100 |
_aJimenez, Jorge _9761 _eeditor |
||
| 245 | 1 | 0 |
_aKasandra/ _bArrebato, Húmeda criatura de la noche/ |
| 260 |
_aCosta Rica _bUniversidad de Costa Rica _c1998 |
||
| 300 |
_a108p. _c22x21cm |
||
| 490 |
_a11 _v1998 |
||
| 650 |
_2Tesauro de Arte & Arquitectura _aARTE |
||
| 650 |
_2Tesauro de Arte & Arquitectura _aCULTURA |
||
| 650 |
_2Tesauro de Arte & Arquitectura _aLITERATURA |
||
| 650 |
_2Tesauro de Arte & Arquitectura _aFILOSOFIA |
||
| 700 | 1 |
_aSvankmajer. _eilustrador. _95749 |
|
| 942 |
_2ddc _c1 _h700 _iJ61k _n0 |
||
| 999 |
_c3974 _d3974 |
||